000 00548nam a2200133Ia 4500
008 160809s9999 xx 000 0 und d
100 _aAydeniz, Mehmet.
245 _aUSING INQUIRY-BASED INSTRUCTION FOR TEACHING SCIENCE TO STUDENTS WITH LEARNING DISABILITIES
245 _cMehmet Aydeniz David F. Cihak Shannon C. Graham Larryn Retinger The University of Tennessee.
260 _bInternational Journal of Special Education
260 _c2012
650 _xSPECIAL EDUCATION
856 _uhttp://www.internationaljournalofspecialed.com/issues.php
999 _c300403
_d300403